Statistiche per Città della Germania - Quiz con mappa

Clicka qui per fare il quiz!

Statistiche generali

  • Questo quiz è stato fatto 1.315 volte
  • Il punteggio medio è 8 su 12

Risposte nella Mappa

Le risposte nella mappa del quiz sottostante sono codificate secondo una scala di colori dal rosso al verde in base alla % di persone che hanno risposto correttamente.
Caricamento ...
 

Statistiche sulle risposte

Answer% Corretto
Berlino
91%
Monaco
85%
Amburgo
78%
Francoforte
63%
Dresda
60%
Stoccarda
59%
Norimberga
58%
Düsseldorf
57%
Brema
55%
Saarbrücken
55%
Rostock
49%
Hannover
47%

Distribuzione punteggi

Percentile per numero di risposta

Percentuale di utenti per punteggio

I tuoi punteggi nel tempo

Non hai fatto questo quiz